Cambridge English IELTS : with answers : (Record no. 802)

MARC details
000 -LEADER
fixed length control field 00714nam a22001817a 4500
003 - CONTROL NUMBER IDENTIFIER
control field OSt
005 - DATE AND TIME OF LATEST TRANSACTION
control field 20250417104203.0
008 - FIXED-LENGTH DATA ELEMENTS--GENERAL INFORMATION
fixed length control field 220317b ||||| |||| 00| 0 eng d
020 ## - INTERNATIONAL STANDARD BOOK NUMBER
International Standard Book Number 9781107464407
040 ## - CATALOGING SOURCE
Transcribing agency KCST
082 ## - DEWEY DECIMAL CLASSIFICATION NUMBER
Classification number 428.24
Item number Ca
110 ## - MAIN ENTRY--CORPORATE NAME
Corporate name or jurisdiction name as entry element Cambridge English Language Assessment; University of Cambridge.
9 (RLIN) 5669
245 ## - TITLE STATEMENT
Title Cambridge English IELTS : with answers :
Remainder of title authentic examination papers from Cambridge English Language Assessment : 10 /
Statement of responsibility, etc. Cambridge English Language Assessment; University of Cambridge.
260 ## - PUBLICATION, DISTRIBUTION, ETC.
Place of publication, distribution, etc. Cambridge (UK):
Name of publisher, distributor, etc. Cambridge University Press;
Date of publication, distribution, etc. 2015.
300 ## - PHYSICAL DESCRIPTION
Extent 179 p.
650 ## - SUBJECT ADDED ENTRY--TOPICAL TERM
Topical term or geographic name entry element International English Language Testing System
Form subdivision Study guides.
9 (RLIN) 5670
942 ## - ADDED ENTRY ELEMENTS (KOHA)
Source of classification or shelving scheme Dewey Decimal Classification
Koha item type Book
Holdings
Withdrawn status Lost status Source of classification or shelving scheme Damaged status Not for loan Home library Current library Date acquired Cost, normal purchase price Total checkouts Full call number Barcode Date last seen Cost, replacement price Price effective from Koha item type Total renewals Date last checked out
    Dewey Decimal Classification     KCST Library KCST Library 17/03/2022 11.90   428.24 Ca 1000001058 21/06/2022 11.90 17/03/2022 Book    
    Dewey Decimal Classification     KCST Library KCST Library 17/03/2022 11.90   428.24 Ca 1000001059 17/03/2022 11.90 17/03/2022 Book    
    Dewey Decimal Classification     KCST Library KCST Library 17/03/2022 11.90 2 428.24 Ca 1000001060 07/09/2023 11.90 17/03/2022 Book 1 18/07/2023
© 2025 KCST. All rights reserved